Normal view
MARC view
Entry Personal Name
001 - CONTROL NUMBER
- control field: 34208
003 - CONTROL NUMBER IDENTIFIER
- control field: dpl
005 - DATE AND TIME OF LATEST TRANSACTION
- control field: 20110902155540.0
008 - FIXED-LENGTH DATA ELEMENTS
- fixed length control field: 110902|||a|||||| | ||| d
040 ## - CATALOGING SOURCE
- Original cataloging agency: dpl
- Transcribing agency: dpl
100 ## - HEADING--PERSONAL NAME
- Personal name: Ambedka, B.R.
670 ## - SOURCE DATA FOUND
- Source citation: Work cat.: (dpl): Ambedka, B.R. , The untouchables /, 2008(repr.)
670 ## - SOURCE DATA FOUND
- Source citation: Work cat.: (dpl): Ambedka, B.R. , The untouchables /, 2008(repr.)
